[Event "KGZ-ch"]
[Site "Bishkek"]
[Date "2019.04.20"]
[Round "8"]
[White "Pahomeev, Oleg"]
[Black "Kazakbaev, Sezdbek"]
[Result "0-1"]
[WhiteElo "1808"]
[BlackElo "1805"]
[PlyCount "42"]
[EventDate "2019.04.13"]
[EventType "swiss"]
[EventRounds "9"]
[EventCountry "KGZ"]
[SourceTitle "CBM 190 Extra"]
[Source "ChessBase"]
[SourceDate "2019.07.15"]
[SourceVersion "1"]
[SourceVersionDate "2019.07.15"]
[SourceQuality "1"]

1. e4 c5 2. Nf3 d6 3. d4 cxd4 4. Nxd4 Nf6 5. Bd3 g6 6. Bg5 Bg7 7. c3 Nc6 8. Qc2 0-0 9. Nf3 Be6 10. Nbd2 Ne5 11. Nd4 Bd7 12. 0-0 Nc6 13. N2b3 Rc8 14. Rfd1 Ne5 15. Bf1 Qb6 16. f4 Bg4 17. Qf2 Bxd1 18. fxe5 dxe5 19. Rxd1 exd4 20. cxd4 Rfd8 21. Kh1 a5 0-1

[Event "KGZ-ch"]
[Site "Bishkek"]
[Date "2019.04.17"]
[Round "5"]
[White "Esenbek Uulu, Ilimbek"]
[Black "Pahomeev, Oleg"]
[Result "1-0"]
[WhiteElo "2174"]
[BlackElo "1808"]
[PlyCount "139"]
[EventDate "2019.04.13"]
[EventType "swiss"]
[EventRounds "9"]
[EventCountry "KGZ"]
[SourceTitle "CBM 190 Extra"]
[Source "ChessBase"]
[SourceDate "2019.07.15"]
[SourceVersion "1"]
[SourceVersionDate "2019.07.15"]
[SourceQuality "1"]

1. d4 Nf6 2. Nf3 e6 3. c4 b6 4. a3 Bb7 5. Nc3 d5 6. cxd5 Nxd5 7. Qc2 Be7 8. e4 Nxc3 9. bxc3 c5 10. Bb5+ Bc6 11. a4 0-0 12. 0-0 a6 13. Bd3 h6 14. Ne5 Bb7 15. Be3 Nc6 16. Nxc6 Bxc6 17. f4 Qd7 18. f5 cxd4 19. Bxd4 exf5 20. exf5 Bc5 21. Bxc5 bxc5 22. f6 Rfd8 23. Bh7+ Kh8 24. fxg7+ Kxg7 25. Be4 Bxe4 26. Qxe4 Qd5 27. Qf4 Ra7 28. Qf6+ Kh7 29. Rf5 Qe6 30. Qxe6 fxe6 31. Rxc5 Rd6 32. Re1 Kg6 33. h3 Rb7 34. Re4 Rf7 35. Rg4+ Kf6 36. a5 Rfd7 37. Rh5 Rh7 38. Rb4 Kg6 39. Rc5 Rhd7 40. Rb6 Kf6 41. Kh2 Rxb6 42. axb6 Rb7 43. Rc6 Ke7 44. h4 Kd7 45. Rc5 Rxb6 46. Rh5 Rc6 47. Rxh6 Rxc3 48. Rh7+ Kd6 49. Ra7 Rc6 50. h5 Ke5 51. Rf7 Rc1 52. g4 a5 53. h6 a4 54. Rf3 Rc8 55. g5 a3 56. h7 Rh8 57. g6 a2 58. Rf1 a1Q 59. Rxa1 Kf6 60. Rg1 Kg7 61. Rg4 Rb8 62. Kg3 Rf8 63. Kh4 Rf6 64. Kh5 Rf1 65. Rc4 Rh1+ 66. Kg5 Rg1+ 67. Rg4 Rf1 68. Rh4 Rf5+ 69. Kg4 Rf1 70. Rh5 1-0

[Event "KGZ-ch FL"]
[Site "Bishkek"]
[Date "2019.03.06"]
[Round "4"]
[White "Toktonazarov, Maniyaz"]
[Black "Pahomeev, Oleg"]
[Result "0-1"]
[WhiteElo "1634"]
[BlackElo "1852"]
[PlyCount "114"]
[EventDate "2019.03.03"]
[EventType "swiss"]
[EventRounds "9"]
[EventCountry "KGZ"]
[SourceTitle "EXT 2021"]
[Source "ChessBase"]
[SourceDate "2020.10.23"]
[SourceVersion "1"]
[SourceVersionDate "2020.10.23"]
[SourceQuality "1"]

1. d4 Nf6 2. Nf3 e6 3. c4 b6 4. g3 Ba6 5. b3 Bb7 6. Bg2 Be7 7. 0-0 0-0 8. Nc3 Ne4 9. Nxe4 Bxe4 10. Bf4 d6 11. Rc1 Nd7 12. b4 a5 13. b5 f5 14. Qd2 h6 15. h4 Rf7 16. Rfd1 Qf8 17. Ne1 Bxg2 18. Kxg2 Bf6 19. Nf3 Qe7 20. Qc2 Raf8 21. e4 e5 22. dxe5 Bxe5 23. Nxe5 Nxe5 24. exf5 Rxf5 25. Qe4 Qf6 26. Rc2 Nd7 27. Rd5 Nc5 28. Qe2 Qf7 29. Rcd2 Rf6 30. Be3 Ne4 31. Rc2 Qg6 32. h5 Qf7 33. Bxb6 Re6 34. Be3 Qe8 35. Qe1 Nxf2 36. Rxf2 Rxe3 37. Rxf8+ Kxf8 38. Rf5+ Kg8 39. Qf1 Qe4+ 40. Kh3 Qe6 41. Kh2 Re2+ 42. Kh3 Rxa2 43. g4 Qe4 44. Rf4 Ra3+ 45. Kh2 Qe5 46. Kg2 Qe7 47. Qd1 Re3 48. Qd5+ Qe6 49. Qa8+ Kh7 50. Qf8 Re5 51. Kg3 a4 52. Rf7 Re3+ 53. Kh4 Qe5 54. Rxg7+ Qxg7 55. Qf5+ Kg8 56. Qd5+ Qf7 57. Qa8+ Kg7 0-1

[Event "KGZ-ch FL"]
[Site "Bishkek"]
[Date "2019.03.04"]
[Round "2"]
[White "Zholdoshmamatov, Adilet"]
[Black "Pahomeev, Oleg"]
[Result "0-1"]
[WhiteElo "1671"]
[BlackElo "1852"]
[PlyCount "57"]
[EventDate "2019.03.03"]
[EventType "swiss"]
[EventRounds "9"]
[EventCountry "KGZ"]
[SourceTitle "EXT 2021"]
[Source "ChessBase"]
[SourceDate "2020.10.23"]
[SourceVersion "1"]
[SourceVersionDate "2020.10.23"]
[SourceQuality "1"]

1. e4 e5 2. Nf3 Nf6 3. Nxe5 d6 4. Nf3 Nxe4 5. Qe2 Qe7 6. d3 Nf6 7. Bg5 Qxe2+ 8. Bxe2 Be7 9. Nc3 Bd7 10. 0-0-0 Nc6 11. h4 h6 12. Bxf6 Bxf6 13. Nd5 Bd8 14. Rdg1 Be6 15. Nf4 Bg4 16. Nd2 Bxe2 17. Nxe2 Kd7 18. Nc3 Nd4 19. g4 c6 20. Nde4 Nf3 21. Rg3 Nxh4 22. g5 hxg5 23. Nxg5 Bxg5+ 24. Rxg5 g6 25. Ne4 Nf3 26. Rgg1 Nxg1 27. Rxg1 Rh4 28. Re1 Rf4 29. Kd2 0-1

[Event "Bishkek Smart Cup 4th"]
[Site "Bishkek"]
[Date "2019.??.??"]
[Round "5"]
[White "Asanakunov, Zhumagazy"]
[Black "Pahomeev, Oleg"]
[Result "1-0"]
[WhiteElo "2046"]
[BlackElo "1846"]
[PlyCount "87"]
[EventDate "2019.02.01"]
[EventType "swiss"]
[EventRounds "9"]
[EventCountry "KGZ"]
[SourceTitle "EXT 2021"]
[Source "ChessBase"]
[SourceDate "2020.10.23"]
[SourceVersion "1"]
[SourceVersionDate "2020.10.23"]
[SourceQuality "1"]

1. d4 Nf6 2. c4 e6 3. Nc3 Bb4 4. Qc2 c5 5. dxc5 Na6 6. a3 Bxc3+ 7. Qxc3 Nxc5 8. b4 Nce4 9. Qd4 d5 10. e3 0-0 11. cxd5 Qxd5 12. Qxd5 Nxd5 13. Bd3 Nef6 14. Nf3 Bd7 15. 0-0 Ba4 16. Bb2 Rfd8 17. Bd4 a6 18. Rfc1 Rac8 19. Ne5 Ne8 20. Be4 Nd6 21. Bf3 Rxc1+ 22. Rxc1 Rc8 23. Rxc8+ Nxc8 24. Nc4 Nce7 25. e4 Nc7 26. Bc5 Nc8 27. e5 Nd5 28. Ne3 b6 29. Nxd5 exd5 30. Bd4 Bc6 31. Bg4 Bb7 32. f4 g6 33. Kf2 Kf8 34. Ke3 Ke8 35. a4 b5 36. axb5 axb5 37. Bc5 Ne7 38. Bxe7 Kxe7 39. Kd4 h5 40. Bf3 Ke6 41. g3 h4 42. Bg4+ f5 43. Be2 hxg3 44. hxg3 1-0

[Event "Bishkek Smart Cup 4th"]
[Site "Bishkek"]
[Date "2019.??.??"]
[Round "2"]
[White "Morozov, Aleksandr2222"]
[Black "Pahomeev, Oleg"]
[Result "1/2-1/2"]
[WhiteElo "1595"]
[BlackElo "1846"]
[PlyCount "117"]
[EventDate "2019.02.01"]
[EventType "swiss"]
[EventRounds "9"]
[EventCountry "KGZ"]
[SourceTitle "EXT 2021"]
[Source "ChessBase"]
[SourceDate "2020.10.23"]
[SourceVersion "1"]
[SourceVersionDate "2020.10.23"]
[SourceQuality "1"]

1. Nf3 Nf6 2. e3 c5 3. c4 d5 4. d4 cxd4 5. exd4 e6 6. Be2 Be7 7. 0-0 0-0 8. b3 b6 9. Ba3 Bxa3 10. Nxa3 Ne4 11. Rc1 Qe7 12. Nb5 a6 13. Nc3 Bb7 14. cxd5 Nxc3 15. Rxc3 Bxd5 16. Qc2 Nd7 17. Rc1 h6 18. Qd2 Qd6 19. Qe3 b5 20. Ne5 Nb6 21. Bh5 Ra7 22. Ng4 f6 23. Qg3 Qxg3 24. Rxg3 Kh8 25. Bg6 Rc8 26. Rgc3 Rxc3 27. Rxc3 Kg8 28. Ne3 Kf8 29. f3 f5 30. Kf2 Ke7 31. g4 fxg4 32. Nxg4 Kd6 33. Ne5 Rc7 34. Nf7+ Kd7 35. Ne5+ Kc8 36. Rxc7+ Kxc7 37. Nd3 Kd6 38. Nf4 b4 39. Nd3 a5 40. Ne5 a4 41. Bc2 axb3 42. axb3 Bb7 43. Be4 Nd5 44. Nd3 Bc6 45. Bxd5 Bxd5 46. Nxb4 Bxb3 47. Ke3 Ke7 48. h4 Kf6 49. Kf4 Bc4 50. Nc6 Bd3 51. Ne5 Bb5 52. Kg4 g6 53. Kf4 h5 54. Kg3 g5 55. hxg5+ Kxg5 56. Nf7+ Kf6 57. Ne5 Kf5 58. Nf7 Kf6 59. Ne5 1/2-1/2

[Event "KGZ-ch HL"]
[Site "Bishkek"]
[Date "2018.05.12"]
[Round "2"]
[White "Morozov, Aleksandr2222"]
[Black "Pahomeev, Oleg"]
[Result "1/2-1/2"]
[WhiteElo "1549"]
[BlackElo "1968"]
[PlyCount "59"]
[EventDate "2018.05.11"]
[EventType "swiss"]
[EventRounds "9"]
[EventCountry "KGZ"]
[SourceTitle "EXT 2019"]
[Source "ChessBase"]
[SourceDate "2018.10.10"]
[SourceVersion "1"]
[SourceVersionDate "2018.10.10"]
[SourceQuality "1"]

1. e4 e5 2. f4 exf4 3. Bc4 Qh4+ 4. Kf1 d5 5. Bxd5 Nf6 6. Nf3 Qh5 7. Nc3 g5 8. e5 Nxd5 9. Nxd5 Kd8 10. d4 Bg7 11. Qd3 c6 12. Nf6 Bxf6 13. exf6 g4 14. Qa3 Be6 15. Qe7+ Kc8 16. Bxf4 Qb5+ 17. Ke1 Qa5+ 18. b4 Qd8 19. Ng5 Re8 20. Qxd8+ Kxd8 21. Nxe6+ Rxe6+ 22. Kd2 Nd7 23. Rhf1 Nf8 24. Rae1 Kd7 25. Rxe6 Kxe6 26. Bg5 Ng6 27. Kd3 a5 28. a3 axb4 29. axb4 Ra3+ 30. c3 1/2-1/2

[Event "Bishkek Smart Cup 3rd"]
[Site "Bishkek"]
[Date "2018.03.23"]
[Round "7"]
[White "Pahomeev, Oleg"]
[Black "Ishenov, Bakay"]
[Result "1-0"]
[WhiteElo "1968"]
[BlackElo "1719"]
[PlyCount "77"]
[EventDate "2018.03.17"]
[EventType "tourn"]
[EventRounds "7"]
[EventCountry "KGZ"]
[SourceTitle "EXT 2019"]
[Source "ChessBase"]
[SourceDate "2018.10.10"]
[SourceVersion "1"]
[SourceVersionDate "2018.10.10"]
[SourceQuality "1"]

1. e4 e5 2. Nf3 Nc6 3. Bb5 a6 4. Ba4 Nf6 5. 0-0 b5 6. Bb3 Bc5 7. c3 0-0 8. d4 exd4 9. cxd4 Bb6 10. e5 Ne8 11. Bg5 Ne7 12. Nc3 Bb7 13. Nd5 Bxd5 14. Bxd5 c6 15. Be4 h6 16. Bh4 f5 17. exf6 Nxf6 18. Bc2 Ned5 19. Qd3 d6 20. Rae1 Nb4 21. Qb3+ Nbd5 22. Re6 Qd7 23. Bf5 Qc7 24. Bxf6 Rxf6 25. Rxf6 gxf6 26. Be6+ Kh8 27. Bxd5 cxd5 28. Qxd5 Rg8 29. Re1 Qg7 30. g3 Qg4 31. Re7 Rg7 32. Re4 Qg6 33. Re6 Bc7 34. Kg2 Rf7 35. Nh4 Qg8 36. Qh5 Qg7 37. Re8+ Rf8 38. Rxf8+ Qxf8 39. Ng6+ 1-0

[Event "Bishkek Smart Cup 3rd"]
[Site "Bishkek"]
[Date "2018.03.21"]
[Round "5"]
[White "Pahomeev, Oleg"]
[Black "Moldobaev, Erik"]
[Result "0-1"]
[WhiteElo "1968"]
[BlackElo "2043"]
[PlyCount "136"]
[EventDate "2018.03.17"]
[EventType "tourn"]
[EventRounds "7"]
[EventCountry "KGZ"]
[SourceTitle "EXT 2019"]
[Source "ChessBase"]
[SourceDate "2018.10.10"]
[SourceVersion "1"]
[SourceVersionDate "2018.10.10"]
[SourceQuality "1"]

1. e4 e6 2. d4 d5 3. Nc3 Bb4 4. e5 c5 5. a3 Bxc3+ 6. bxc3 Ne7 7. Bd3 Qa5 8. Bd2 Nbc6 9. Nf3 Bd7 10. 0-0 c4 11. Be2 0-0-0 12. Re1 Rhf8 13. Bf1 f6 14. exf6 gxf6 15. g3 Rde8 16. Bh3 Nd8 17. Bh6 Rg8 18. Qd2 Ng6 19. Rad1 Nf7 20. Be3 Nd6 21. Ra1 Ne4 22. Qc1 Qxc3 23. Nd2 Nxd2 24. Bxd2 Qf3 25. a4 Qh5 26. Bg2 Nh4 27. Qd1 Qxd1 28. Rexd1 Nf5 29. Bc3 Rg7 30. Bh3 Nd6 31. Bg2 Reg8 32. Bf3 Nf5 33. Kf1 Kc7 34. Bd2 Bc6 35. Bf4+ Kc8 36. c3 Re7 37. Re1 b6 38. a5 b5 39. a6 Rd8 40. Rab1 Rg8 41. Rb2 Kd7 42. h4 Nd6 43. Rbe2 b4 44. cxb4 Nf5 45. Rd2 Bb5 46. Be2 Kc6 47. g4 Nxh4 48. Bg3 Ng6 49. f4 Nf8 50. Kf2 Nd7 51. Ra2 Nb8 52. Rea1 Kb6 53. f5 Rd8 54. Bh4 Nd7 55. Bf3 e5 56. Bxd5 exd4 57. Be6 Ne5 58. Kg3 Rf8 59. Re1 Rg7 60. Re4 Nc6 61. Kh3 Nxb4 62. Rb2 Kc5 63. Bf2 Nc6 64. Rd2 Rd8 65. Bh4 c3 66. Rdxd4 Nxd4 67. Bxf6 c2 68. Bxg7 c1Q 0-1

[Event "Bishkek Smart Cup 3rd"]
[Site "Bishkek"]
[Date "2018.03.19"]
[Round "3"]
[White "Pahomeev, Oleg"]
[Black "Chubakov, Sultan"]
[Result "1-0"]
[WhiteElo "1968"]
[BlackElo "1764"]
[PlyCount "65"]
[EventDate "2018.03.17"]
[EventType "tourn"]
[EventRounds "7"]
[EventCountry "KGZ"]
[SourceTitle "EXT 2019"]
[Source "ChessBase"]
[SourceDate "2018.10.10"]
[SourceVersion "1"]
[SourceVersionDate "2018.10.10"]
[SourceQuality "1"]

1. e4 c5 2. Nf3 e6 3. d4 cxd4 4. Nxd4 a6 5. Bd3 g6 6. Be3 Bg7 7. Qd2 Ne7 8. Nc3 b5 9. 0-0-0 Nbc6 10. Nxc6 Nxc6 11. Bh6 0-0 12. h4 b4 13. Ne2 Bxh6 14. Qxh6 Qe7 15. h5 g5 16. e5 f5 17. exf6 Rxf6 18. Bxh7+ Kh8 19. Bg6+ Kg8 20. Qxg5 Rxf2 21. Qg3 Rf6 22. h6 Qf8 23. Qg5 Kh8 24. Rh3 Ne7 25. Be4 d5 26. Ng3 Rf2 27. Bf3 e5 28. Qxe5+ Kh7 29. Rh4 Ng6 30. Qc7+ Kh8 31. Rh2 Qf4+ 32. Qxf4 Nxf4 33. Nh1 1-0

[Event "Karakol Derbishev Memorial"]
[Site "Karakol"]
[Date "2017.??.??"]
[Round "8"]
[White "Momunalieva, Shaadat"]
[Black "Pahomeev, Oleg"]
[Result "0-1"]
[WhiteElo "1542"]
[BlackElo "1964"]
[PlyCount "76"]
[EventDate "2017.08.16"]
[EventType "swiss"]
[EventRounds "9"]
[EventCountry "KGZ"]
[SourceTitle "CBM 180 Extra"]
[Source "ChessBase"]
[SourceDate "2017.10.06"]
[SourceVersion "1"]
[SourceVersionDate "2017.10.06"]
[SourceQuality "1"]

1. d4 Nf6 2. c4 e6 3. Nc3 Bb4 4. Bd2 0-0 5. Nf3 d5 6. e3 c5 7. a3 Bxc3 8. Bxc3 Ne4 9. Qc2 Nxc3 10. Qxc3 cxd4 11. Nxd4 dxc4 12. Bxc4 a6 13. 0-0 b5 14. Bb3 Bb7 15. Bd1 Qg5 16. Bf3 Rc8 17. Qb3 Bxf3 18. Nxf3 Qc5 19. Rfd1 Nc6 20. Rac1 Qf8 21. h3 Na5 22. Qd3 h6 23. Ne5 f6 24. Ng6 Qe8 25. Nf4 Nc4 26. Rc2 Ne5 27. Rxc8 Rxc8 28. Qd6 Rc6 29. Qd8 Kf7 30. Qd4 g5 31. Qa7+ Qe7 32. Qxe7+ Kxe7 33. Nd3 Rd6 34. Kf1 Nxd3 35. Rd2 Ne5 36. Rc2 Kd7 37. Ke2 Rc6 38. Rd2+ Kc7 0-1

[Event "Bishkek Altyn Tuyun op"]
[Site "Bishkek"]
[Date "2017.??.??"]
[Round "2"]
[White "Solomko, Artur"]
[Black "Pahomeev, Oleg"]
[Result "0-1"]
[WhiteElo "1358"]
[BlackElo "1949"]
[PlyCount "90"]
[EventDate "2017.11.01"]
[EventType "swiss"]
[EventRounds "7"]
[EventCountry "KGZ"]
[SourceTitle "CBM 181 Extra"]
[Source "ChessBase"]
[SourceDate "2017.12.12"]
[SourceVersion "1"]
[SourceVersionDate "2017.12.12"]
[SourceQuality "1"]

1. e4 e5 2. Nf3 Nf6 3. Nxe5 d6 4. Nf3 Nxe4 5. d3 Nf6 6. Be2 Be7 7. 0-0 Bg4 8. Nc3 0-0 9. h3 Bh5 10. Re1 Re8 11. Nd4 Bxe2 12. Rxe2 Nbd7 13. Bf4 Bf8 14. Qe1 a6 15. Bg5 h6 16. Bh4 Rxe2 17. Qxe2 Qe8 18. Re1 Qxe2 19. Rxe2 g6 20. Bxf6 Nxf6 21. Nf3 Bg7 22. Re7 Rc8 23. Nd2 Kf8 24. Re1 b6 25. Kf1 Nd7 26. Nd1 Nc5 27. Ne4 Ne6 28. c3 d5 29. Nd2 d4 30. cxd4 Nxd4 31. Nc3 Rd8 32. Rc1 Ne6 33. Rd1 Rxd3 34. Nf3 Rxd1+ 35. Nxd1 Nd4 36. Nxd4 Bxd4 37. Ke2 Ke7 38. Kd3 c5 39. b3 Kd6 40. f4 Kd5 41. g4 f5 42. gxf5 gxf5 43. a3 b5 44. b4 c4+ 45. Kc2 Ke4 0-1

[Event "KGZ-ch"]
[Site "Bishkek"]
[Date "2016.04.28"]
[Round "3"]
[White "Pahomeev, Oleg"]
[Black "Abdyjapar, Asyl"]
[Result "0-1"]
[WhiteElo "1994"]
[BlackElo "2385"]
[PlyCount "104"]
[EventDate "2016.04.26"]
[EventType "tourn"]
[EventRounds "9"]
[EventCountry "KGZ"]
[SourceTitle "CBM 172 Extra"]
[Source "ChessBase"]
[SourceDate "2016.06.21"]
[SourceVersion "1"]
[SourceVersionDate "2016.06.21"]
[SourceQuality "1"]

1. e4 c5 2. Nf3 d6 3. d4 cxd4 4. Nxd4 Nf6 5. Nc3 g6 6. Be3 Bg7 7. Bc4 0-0 8. f3 Nc6 9. Qd2 Bd7 10. 0-0-0 Rb8 11. Bb3 Na5 12. Bh6 b5 13. Bxg7 Kxg7 14. e5 dxe5 15. Ndxb5 Nxb3+ 16. cxb3 Qa5 17. Na3 Be6 18. Kb1 Rfc8 19. Ka1 Rc5 20. Rhe1 Rbc8 21. Ncb1 Qc7 22. Qe3 a5 23. Nc3 Qb8 24. Nab1 Qb4 25. Re2 Nd7 26. Na4 R5c6 27. Nbc3 f6 28. h3 g5 29. Ne4 Nb6 30. Nxb6 Qxb6 31. Nc3 Qb4 32. Red2 h5 33. Re2 h4 34. Kb1 a4 35. Qe4 Qxe4+ 36. fxe4 axb3 37. a3 Kf7 38. Re3 Rb8 39. Nd5 Rc4 40. Nc3 Rd4 41. Ree1 Bc4 42. Kc1 e6 43. Re3 Rbd8 44. Ree1 Ke7 45. Re3 Bd3 46. Rd2 Bc2 47. Rxc2 bxc2 48. Kxc2 Rd2+ 49. Kb1 Rxg2 50. Nb5 Rdd2 51. Rb3 g4 52. hxg4 h3 0-1